Nirvana - Smells like a teen spirit lyrics - Statistics

General Stats
  • This quiz has been taken 426 times
  • The average score is 35 of 45
Answer Stats
Hint Answer % Correct
Load up on guns , bring your friends
94%
Here we are now , entertain us
94%
Here we are now , entertain us
94%
Here we are now , entertain us
94%
Here we are now entertain us
94%
Here we are now entertain us
94%
Here we are now entertain us
94%
Hello , hello , hello , how low
92%
Hello , hello , hello , how low
92%
Hello , hello , hello , how low
92%
With the lights out , it's less dangerous
89%
With the lights out it's less dangerous
89%
With the lights out it's less dangerous
89%
Hello , hello hello
88%
Hello , hello hello
88%
Hello , hello hello
88%
It's fun to lose and to pretend
88%
I feel stupid and contagious
87%
I feel stupid and contagious
87%
I feel stupid and contagious
87%
Oh no, i know a dirty word
86%
She's over bored and self assured
83%
A mosquito
81%
A mosquito
81%
A mosquito
81%
An albino
80%
An albino
80%
An albino
80%
And always will until the end
79%
My libido
77%
My libido
77%
My libido
77%
Oh well , whatever , never mind
74%
Our little group has always been
73%
I found it hard , it's hard to find
67%
I'm worst at what I do best
65%
A mulatto
62%
A mulatto
62%
A mulatto
62%
Oh yeah , i guess it make me smile
62%
And for this gift I feel blessed
61%
And I forget just why I taste
50%
A denial
49%
Yeah , hey yay
31%
Yeah , hey yay
31%
No matching quizzes found
Score Distribution
Percent of People with Each Score
Percentile by Number Answered
Your Score History
You have not taken this quiz